| 000 | 005700000a22002050004500 | ||
|---|---|---|---|
| 003 | LK-CoMWRAF | ||
| 005 | 20231004112710.0 | ||
| 008 | 230817t1975 ||||| |||| 00| 0 eng d | ||
| 020 | _a0582487145 | ||
| 040 |
_aLK-CoMWRAF _dLK-CoMWRAF _eLK-CoMWRAF |
||
| 041 | _aeng | ||
| 082 |
_a301.15 _bWAT |
||
| 100 | _aWatkins, C. Ken | ||
| 245 | _aSocial Control | ||
| 260 |
_aNew York: _bLongman, _c1975 |
||
| 300 |
_avi, 154 p. ; 20 cm. _bBibliography and index included |
||
| 490 | _aAspects of modern sociology: Social processes | ||
| 650 | _aSOCIAL CONTROL | ||
| 942 | _cBK | ||
| 999 |
_c1427 _d1427 |
||